000 00521nam a2200217Ia 4500
003 OSt
005 20140312152210.0
008 140130s9999 xx 000 0 und d
020 _a0439655595
050 _aPZ 10.3
_b.L783 1970
100 _aLobel, Arnold
245 _cArnold Lobel.
_aFrog and toad are friends /
260 _bScholastic,
_c1970.
_aNew York :
300 _a64 p. :
_bill. ;
_c19 cm.
440 _v1
521 _aG2
526 _c400
942 _cBK
_2lcc
999 _c40240
_d40240